| 000 | 00993nam0a2200301 4500 | ||
|---|---|---|---|
| 001 | RU\NLR\BIBL_A\022743652 | ||
| 005 | 20260308045254.0 | ||
| 010 | _91000 | ||
| 035 | _a(NLR Aleph) 022743652 | ||
| 090 |
_a13558591 _c13558591 |
||
| 100 | _a20260304d1962 m y0rusy50 ca | ||
| 101 | 0 | _atyv | |
| 102 | _aRU | ||
| 105 | _ac z 000 y | ||
| 181 | 0 |
_ai _baxxe |
|
| 182 | 0 | _an | |
| 200 | 1 |
_aКукурузачы Петр Пикало _fМ. Делег |
|
| 203 |
_aТекст _bвизуальный _cнепосредственный |
||
| 210 |
_aКызыл _cТываның ном үндүрер чери _d1962 |
||
| 215 |
_a22, [1] с., [1] л. портр. _cтабл. _d20 |
||
| 541 | 1 |
_aКукурузовод Петр Пикало _zrus |
|
| 686 | 1 | _aП212.2 | |
| 700 | 1 |
_aДелег _bМ. Л. _gМонгуш Лаевич _4730 |
|
| 702 | 0 |
_aПикало _bП. _cкукурузовод _gПетр _4570 |
|
| 852 |
_aNLR _bОНЛ _jТув./2-575 |
||
| 942 | _cUNSPEC | ||
| 980 | _aNB | ||